000 00196nam a2200097Ia 4500
008 190216s9999||||xx |||||||||||||| ||und||
100 _aEmili Soha
245 0 _aNana
260 _bNull
942 _cBK
999 _c12155
_d12155